• 首页
  • 本馆介绍
  • 公告通知
  • 最新文献
  • 馆藏检索
  • 电子资源
  • 读者导购
  • 参考咨询
  • 我的图书馆
  • 登录
  • 详细信息显示
  • 放入我的书架
  • 预约/预借图书
  • 作者相关作品
  • 分类相关作品
  • 丛书相关作品
  • 出版社相关作品

书目信息

  • 表格格式
  • 工作单格式
  • 卡片格式
题名:
创意切雕大师
    
 
作者: 李吉川 著
分册:  
出版信息: 北京   中国轻工业出版社  2005.01
页数: 60页
开本: 24cm
丛书名:
单 册:
中图分类: TS972.114
科图分类:
主题词: 菜谱--装饰雕塑--中国--图集 , 蔬菜--装饰雕塑--中国--图集 , 菜谱 , 装饰雕塑 , 蔬菜
电子资源:
ISBN: 7-5019-4706-6
000 00811nam0 2200265 450
001 002823281
005 20050405151756.0
010    @a7-5019-4706-6@dCNY16.80
100    @a20100913d2005 em y0chiy0110 ea
101 0  @achi
102    @aCN@b110000
105    @aa z 000yy
200 1  @a创意切雕大师@Achuang yi qie diao da shi@a蔬菜切雕基础篇@f李吉川著
210    @a北京@c中国轻工业出版社@d2005.01
215    @a60页@c图@d24cm
330    @a本书介绍食雕常用原料的特性及用途;食雕的类型及特点;食雕四诀切、雕、染、砌;食雕的常见手法等内容。
606 0  @a菜谱@x装饰雕塑@y中国@j图集
606 0  @a蔬菜@x装饰雕塑@y中国@j图集
606 0  @a菜谱
606 0  @a装饰雕塑
606 0  @a蔬菜
690    @aTS972.114@v5
701  0 @a李吉川@Ali ji chuan@4著
905    @aBZT@dTS972.114@e17
906    @dCNY16.80@n0@r1
    
    创意切雕大师;蔬菜切雕基础篇/李吉川著.-北京:中国轻工业出版社,2005.01
    60页:图;24cm
    
    
    ISBN 7-5019-4706-6:CNY16.80
    本书介绍食雕常用原料的特性及用途;食雕的类型及特点;食雕四诀切、雕、染、砌;食雕的常见手法等内容。
●
相关链接 在五车中查询图书 在当当中查询图书 在豆瓣中查询图书


正题名:创意切雕大师     索取号:TS972.114/17         预约/预借

序号 登录号 条形码 馆藏地/架位号 状态 备注
1 769998   2000769998   中心书库中库/ 中库024架A面2列6层124/ [索取号:TS972.114/17] 在馆    
2 769999   2000769999   中心书库中库/ 中库024架A面2列6层125/ [索取号:TS972.114/17] 在馆    
3 770000   2000770000   中心书库中库/ 中库024架A面2列6层115/ [索取号:TS972.114/17] 在馆    
4 770001   2000770001   中心书库中库/ 中库024架A面2列6层118/ [索取号:TS972.114/17] 在馆    
5 770002   2000770002   中心书库中库/ 中库024架A面2列6层100/ [索取号:TS972.114/17] 在馆    
6 770003   2000770003   中心书库中库/ 中库024架A面2列6层119/ [索取号:TS972.114/17] 在馆    
7 770004   2000770004   中心书库中库/ 中库024架A面2列6层126/ [索取号:TS972.114/17] 在馆    
8 770005   2000770005   中心书库中库/ 中库024架A面2列6层116/ [索取号:TS972.114/17] 在馆    
9 770006   2000770006   中心书库中库/ 中库024架A面2列6层117/ [索取号:TS972.114/17] 在馆    
10 770007   2000770007   中心书库中库/ 中库024架A面2列6层123/ [索取号:TS972.114/17] 在馆    
山东省滨州职业学院图书馆 欢迎您!
大连网信软件有限公司© 版权所有